Normal view
MARC view
- VIORST,JUDITH
Entry Personal Name
001 - CONTROL NUMBER
- control field: 133425
003 - CONTROL NUMBER IDENTIFIER
- control field: NUST
005 - DATE AND TIME OF LATEST TRANSACTION
- control field: 20260224113700.0
008 - FIXED-LENGTH DATA ELEMENTS
- fixed length control field: 260224|| aca||aabn | a|a d
040 ## - CATALOGING SOURCE
- Original cataloging agency: NUST
- Transcribing agency: NUST
100 ## - HEADING--PERSONAL NAME
- Personal name: VIORST,JUDITH
670 ## - SOURCE DATA FOUND
- Source citation: Work cat.: (NUST): VIORST,JUDITH., NECESSARY LOSSES,THE LOVES,ILLUSIONS,DEPENDENCIES,AND IMPOSSIBLE EXPECTIONS THAT ALL OF US HAVE TO GIVE UP IN ORDER TO GROW /, 1986.
